Central Library OPAC University of Rajshahi

Genetic manipulation : (Record no. 72464)

MARC details
000 -LEADER
fixed length control field 00992nam a2200289 a 4500
001 - CONTROL NUMBER
control field 72464
003 - CONTROL NUMBER IDENTIFIER
rucl marc code BD-RjUL
005 - DATE AND TIME OF LATEST TRANSACTION
control field 20211209082250.0
008 - FIXED-LENGTH DATA ELEMENTS--GENERAL INFORMATION
fixed length control field 831214s1984 enka b 101 0 eng d
020 ## - INTERNATIONAL STANDARD BOOK NUMBER
International Standard Book Number 0521264170
035 ## - SYSTEM CONTROL NUMBER
System control number (BD-RjUL)
040 ## - CATALOGING SOURCE
Original cataloging agency DLC
Transcribing agency DLC
Modifying agency BD-RjUL
Language of cataloging eng
041 ## - LANGUAGE CODE
Language code of text/sound track or separate title eng
060 ## - NATIONAL LIBRARY OF MEDICINE CALL NUMBER
Classification number QH 442 G3295 1983
082 00 - DEWEY DECIMAL CLASSIFICATION NUMBER
Edition number 23
Classification number 660.65
Author mark and year GEN 1984
245 00 - TITLE STATEMENT
Title Genetic manipulation :
Remainder of title impact on man and society /
Statement of responsibility, etc. edited by Werner Arber ... [et al.] ; technical editor A. Padron.
260 ## - PUBLICATION, DISTRIBUTION, ETC. (IMPRINT)
Place of publication, distribution, etc. Cambridge :
-- New York :
Name of publisher, distributor, etc. Cambridge University Press,
Date of publication, distribution, etc. c1984..
300 ## - PHYSICAL DESCRIPTION
Pagination xiii, 250 p. :
Illustrations ill. ;
Size 24 cm.
504 ## - BIBLIOGRAPHY, ETC. NOTE
Bibliography, etc Includes bibliographies and index.
650 #0 - SUBJECT ADDED ENTRY--TOPICAL TERM
Topical term or geographic name as entry element Genetic engineering
9 (RLIN) 214315
Topical term or geographic name as entry element Genetic engineering
General subdivision Social aspects
-- Congresses.
9 (RLIN) 214316
Topical term or geographic name as entry element Genetic intervention
General subdivision Congresses.
9 (RLIN) 214317
700 1# - ADDED ENTRY--PERSONAL NAME
Personal name Arber, Werner.
Fuller form of name ed.
Personal name Padron, A.
Fuller form of name tech. ed.
942 ## - ADDED ENTRY ELEMENTS (KOHA)
Source of classification or shelving scheme Dewey Decimal Classification
Koha item type Books
Holdings
Lost status Source of classification or shelving scheme Damaged status Not for loan Collection code Permanent Location Current Location Shelving location Date acquired Source of acquisition Cost, normal purchase price Total Checkouts Full call number Date last seen Copy number Koha item type
  Dewey Decimal Classification   Not For Loan Non-fiction Central Library, University of Rajshahi Central Library, University of Rajshahi Reading Room 04/03/1986 Karim interprise, Dhaka 875.00   660.65 GEN 1984 18/05/2017 C-1 Books
  Dewey Decimal Classification     Non-fiction Central Library, University of Rajshahi Central Library, University of Rajshahi   04/03/1986 Kamala Book 875.00   660.65 GEN 1984 18/05/2017 C-2 Books
  Dewey Decimal Classification     Non-fiction Central Library, University of Rajshahi Central Library, University of Rajshahi   04/03/1986 Karim interprise, Dhaka 875.00   660.65 GEN 1984 18/05/2017 C-3 Books
  Dewey Decimal Classification     Non-fiction Central Library, University of Rajshahi Central Library, University of Rajshahi   01/01/1986 Karim interprise, Dhaka 17.50   660.65 GEN 1984 18/05/2017 C-4 Books
  Dewey Decimal Classification     Non-fiction Central Library, University of Rajshahi Central Library, University of Rajshahi   04/03/1986 Karim interprise, Dhaka 875.00   660.65 GEN 1984 18/05/2017 C-5 Books